000
00298nam a22001337a 4500
008
190129b xxu||||| |||| 00| 0 eng d
020
_a
9781450285483
041
_a
eng
080
_a
316
100
_a
50
101
_a
SOC
245
_a
A Very Famous Social Workers
_c
Johnson,G
942
_2
udc
_c
BK
999
_c
53852
_d
53852